[Event "It (open)"]
[Site "masterchessopen.com Bogota (Colombia)"]
[Round "9"]
[White "Cespedes Galindo Estefania (COL)"]
[Black "Pena Mora Carlos (COL)"]
[Result "1-0"]
[WhiteElo "1789"]
[BlackElo "1665"]

1.d4 Nf6 2.c4 e6 3.Nf3 Bb4+ 4.Bd2 a5 5.a3 Be7 6.Nc3 d5 7.e3 c5 8.Bd3 dxc4
9.Bxc4 O-O 10.O-O cxd4 11.Nxd4 Qc7 12.Qb3 Na6 13.Ncb5 Qe5 14.f4 Qb8 15.Kh1 Nc5
16.Qc2 Bd7 17.e4 Bc6 18.Rae1 b6 19.Nxc6 {#r} 1-0

[Event "It (open)"]
[Site "masterchessopen.com Bogota (Colombia)"]
[Round "4"]
[White "Martinez Paipa Hernan (COL)"]
[Black "Narvaez Faber Alberto (COL)"]
[Result "0-1"]
[WhiteElo "1940"]
[BlackElo "2167"]

1.d4 Nf6 2.Nf3 e6 3.c4 Bb4+ 4.Bd2 a5 5.Nc3 O-O 6.a3 Bxc3 7.Bxc3 b6 8.e3 Bb7
9.Be2 d6 10.O-O Ne4 11.Qc2 {#R} 0-1

[Event "Tournament (Elo) (b)"]
[Site "masterchessopen.com Budapest (Hungary)"]
[Date "2012.10.12"]
[Round "6"]
[White "Laza S"]
[Black "Havaskori Laszlo (HUN)"]
[Result "0-1"]
[WhiteElo "2005"]
[BlackElo "1933"]

1.d4 Nf6 2.c4 e6 3.Nf3 Bb4+ 4.Bd2 Bxd2+ 5.Qxd2 d6 6.Nc3 O-O 7.e4 Nc6 8.Bd3 e5
9.d5 Ne7 10.O-O Ng6 11.b4 Nh5 12.Qg5 Qxg5 13.Nxg5 Nhf4 14.Bc2 h6 15.Nf3 Bd7
16.g3 Nh3+ 17.Kg2 Ng5 18.Ng1 Nh7 19.Nce2 Nf6 20.f4 Ng4 21.Rf3 exf4 22.Nxf4
{#R} 0-1

[Event "Ch American Continental"]
[Site "masterchessopen.com Mar del Plata (Argentina)"]
[Date "2012.10.15"]
[Round "5"]
[White "Gaitan Juan Manuel (ARG)"]
[Black "Rosito Jorge (ARG)"]
[Result "0-1"]
[WhiteElo "2266"]
[BlackElo "2387"]

1.Nf3 Nf6 2.c4 e6 3.d4 Bb4+ 4.Nbd2 O-O 5.a3 Be7 6.e4 d5 7.e5 Nfd7 8.Bd3 c5
9.h4 f5 10.exf6 Nxf6 11.dxc5 a5 12.Qc2 Na6 13.Ng5 h6 14.Bh7+ Kh8 15.Ndf3 Qc7
16.Bd2 e5 17.cxd5 Nxd5 18.Qe4 Qxc5 19.Rc1 Nf6 20.Nxe5 Qxf2+ 21.Kd1 Qxd2+
22.Kxd2 Nxe4+ 23.Nxe4 Kxh7 {#R} 0-1